Biomechanics and motor control of human movement
Saved in:
| 主要作者: | |
|---|---|
| 格式: | 圖書 |
| 語言: | 英语 |
| 出版: |
Hoboken
John Wiley and Sons
2009
|
| 版: | 4a. ed |
| 叢編: | Technology- Drafting and Mechanical Drawing
|
| 主題: | |
| 標簽: |
添加標簽
沒有標簽, 成為第一個標記此記錄!
|
MARC
| LEADER | 00000cam a2200000 a 4500 | ||
|---|---|---|---|
| 001 | UCF2043 | ||
| 003 | CL-VaPUC | ||
| 008 | 120810e20090000US |||||||||||||||||eng|d | ||
| 020 | |a 9780470398180 | ||
| 082 | 0 | 4 | |a 612.76 |b WIN |2 21 |
| 100 | 0 | |a Winter, David A |e author |9 563635 | |
| 245 | 1 | 0 | |a Biomechanics and motor control of human movement |
| 250 | |a 4a. ed | ||
| 300 | |a 370 p | ||
| 942 | |c BK | ||
| 945 | |d 20120810 00:00:00 |a cmena | ||
| 260 | |a Hoboken |b John Wiley and Sons |c 2009 | ||
| 650 | 0 | |a Movimiento |9 322237 | |
| 650 | 0 | |a Biomecánica |9 307420 | |
| 650 | 7 | |a LOCOMOCION |2 CL-VaPUC |9 538397 | |
| 650 | 0 | |a Aparato locomotor (musculoesqueleto) |9 474697 | |
| 650 | 7 | |a FISIOLOGIA |2 CL-VaPUC |9 563637 | |
| 583 | |a last modification |c 20120810 11:35:00 |k Rodrigo Vera | ||
| 490 | 0 | |a Technology- Drafting and Mechanical Drawing | |
| 999 | |c 348716 |d 348714 | ||
| 952 | |0 0 |1 0 |4 0 |6 612_760000000000000_WIN_2009 |7 0 |8 A |9 450857 |a BIBCUR |b BIBCUR |d 2019-11-22 |i 4890922 |l 2 |o 612.76 WIN 2009 |p 4890922 |r 2025-04-22 |s 2025-03-21 |w 2019-11-22 |y BK |k KIN | ||